<?xml version="1.0" encoding="UTF-8"?>
<collection xmlns="http://www.loc.gov/MARC21/slim">
 <record>
  <leader>00539nam a22001935a 4500</leader>
  <controlfield tag="001">EHU.bham022647</controlfield>
  <controlfield tag="003">AR-BHAM</controlfield>
  <controlfield tag="005">20100223143850.0</controlfield>
  <controlfield tag="008">130507s1998##################000#0#####d</controlfield>
  <datafield tag="082" ind1="8" ind2="9">
   <subfield code="a">891.863</subfield>
  </datafield>
  <datafield tag="100" ind1="1" ind2=" ">
   <subfield code="a">Kafka, Franz</subfield>
  </datafield>
  <datafield tag="245" ind1="1" ind2="0">
   <subfield code="a">El castillo /</subfield>
   <subfield code="c">Franz Kafka</subfield>
  </datafield>
  <datafield tag="260" ind1=" " ind2=" ">
   <subfield code="a">Madrid :</subfield>
   <subfield code="b">Catedra,</subfield>
   <subfield code="c">1998</subfield>
  </datafield>
  <datafield tag="300" ind1=" " ind2=" ">
   <subfield code="a">458 p.</subfield>
  </datafield>
  <datafield tag="490" ind1="0" ind2=" ">
   <subfield code="a">Letras Universales, 262</subfield>
  </datafield>
  <datafield tag="500" ind1=" " ind2=" ">
   <subfield code="a">Edicion De Luis Acosta.-</subfield>
  </datafield>
  <datafield tag="653" ind1=" " ind2=" ">
   <subfield code="a">Literatura</subfield>
  </datafield>
  <datafield tag="653" ind1=" " ind2=" ">
   <subfield code="a">Literatura checa</subfield>
  </datafield>
  <datafield tag="859" ind1=" " ind2=" ">
   <subfield code="a">AR-BHAM</subfield>
   <subfield code="b">BIB. HUMANIDADES - General</subfield>
   <subfield code="h">891.863</subfield>
   <subfield code="i">K119-8</subfield>
   <subfield code="p">529.99</subfield>
   <subfield code="t">Ej.1</subfield>
  </datafield>
 </record>
</collection>
